Bibliobús Pedraforca : [2016] [2016]
Descripción Física:
1 punt de llibre desplegable ; il. col. ; 20 x 6 cm.
Idioma:
Catalán
MARC
| LEADER | 00000nrm a22000007a 4500 | ||
|---|---|---|---|
| 001 | 27195 | ||
| 003 | Arxiu | ||
| 005 | 20260324181148.0 | ||
| 008 | 221227b spa||||| |||| 00| 0 cat d | ||
| 017 | |a B 28198-2015 | ||
| 040 | |a agdb |b cat | ||
| 041 | |a cat | ||
| 245 | |a Bibliobús Pedraforca : |b [2016] | ||
| 260 | |a Barcelona : |b Xarxa de Biblioteques Municipals ; |c 2015 | ||
| 300 | |a 1 punt de llibre desplegable ; |b il. col. ; |c 20 x 6 cm. | ||
| 501 | |a Conté els horaris de l'any 2016 del Bibliobús Pedraforca. | ||
| 610 | 2 | 0 | |9 52872 |a Bibliobús Pedraforca |
| 650 | 0 | |9 30563 |a Bibliobusos |z Barcelona (Catalunya : Província) | |
| 655 | 0 | |9 52700 |a Punts de llibre | |
| 710 | 1 | |9 52650 |a Barcelona (Catalunya : Província). |b Xarxa de Biblioteques Municipals | |
| 942 | |2 udc |c ARXIU |n 1 | ||
| 952 | |0 0 |1 0 |2 udc |4 0 |6 NBM16115 |7 1 |9 64936 |a Arxiu |b Arxiu |d 2022-12-27 |l 0 |o NBM-16-115 |p 27195 |r 2022-12-27 00:00:00 |w 2022-12-27 |y ARXIU | ||
| 999 | |c 82896 |d 82896 | ||